| 000 | 00342nam a22001457a 4500 | ||
|---|---|---|---|
| 003 | OSt | ||
| 008 | 241213b |||||||| |||| 00| 0 eng d | ||
| 041 | _aeng | ||
| 082 |
_a621.31924 _bVAR/RE |
||
| 100 |
_aVartanov, G _96606 |
||
| 245 | _aRepair shop electrician / | ||
| 700 |
_aVerner, V _96607 |
||
| 700 |
_aSerebryakov, V _96608 |
||
| 942 | _cBK | ||
| 999 |
_c18526 _d18526 |
||